01687nam a2200421 a 4500001001000000003000500010005001700015008004100032010001100073011001100084040000900095090001000104100003500114245015100149260004100300500006000341502007700401590004100478590004100519590004000560590004000600590004000640590004000680590004000720650004600760650004000806650003900846650003300885650004100918650003400959650002900993856007001022901000701092942001001099942000601109999001901115952013101134000115096CHAP20220329144515.0181003s2018 mx a sm |||||||spa d a111557 a112529 cCHAP aTesis1 aBetanzos Ortiz, Rocio.913591810aCalidad microbiológica de hortalizas orgánicas comercializadas en el tianguis orgánico Chapingo /h[En línea]cpor Rocio Betanzos Ortíz. aChapingo, Méx. :bEl autor,c2018. aPara ver el contenido del material haga clic en la liga aTesis (Ing. Agr. Esp. en Fitotecnia) -- AUCH. Departamento de Fitotecnia aBATCH-UPDb10c20190604lUCH01h1150 aE11695DGDb10c20190604lUCH01h1149 aE8697GMMb05c20181003lUCH01h1228 aE8697GMMb05c20181003lUCH01h1230 aE8697GMMb05c20181004lUCH01h0911 aE8697GMMb05c20181130lUCH01h1315 aE8697GMMb05c20190516lUCH01h144914aAgricultura orgánicazMéxico.913120614aAlimentosxNormas de calidad.9425614aBacteriasxIdentificación.9932014aHortalizasxCalidad.913037414aHorticulturaxMéxico (Edo.)95635914aInocuidad alimentaria.95883614aSalud pública.9101813 aFinding aiduhttp://10.13.5.2/tesis/sist115096.pdfzTeclea aquí aBK cTESIS n0 c111557d111557 00104054718TESISaBCbBCd2018-10-03fTESISl0oTesisp115105-10r2019-12-31 00:00:00w2019-12-31yTESISzRecien adquirido